Детали машин и основы проектирования: электронный курс
| 1. autor: | |
|---|---|
| Korporacja: | |
| Streszczenie: | Заглавие с экрана Курс "Детали машин и основы проектирования" предназначен для слушателей программы «Машины и оборудование нефтяных и газовых промыслов» в рамках дополнительного профессионального образования. По окончании изучения дисциплины «Детали машин и основы проектирования» слушатель будет способен применять стандартные методы расчета при проектировании деталей и узлов изделий машиностроения. Проектировать и конструировать типовые элементы машин, выполнять их оценку по прочности и другим критериям работоспособности. Знать основные виды механических передач, теорию совместной работы и методы расчета соединений узлов. Рассчитывать и выбирать подшипники скольжения и качения, знать основные виды муфт. Доступ по логину и паролю |
| Język: | rosyjski |
| Wydane: |
Томск, TPU Moodle, 2019
|
| Hasła przedmiotowe: | |
| Dostęp online: | https://design.lms.tpu.ru/course/view.php?id=2680 |
| Format: | MixedMaterials Elektroniczne Książka |
| KOHA link: | https://koha.lib.tpu.ru/cgi-bin/koha/opac-detail.pl?biblionumber=663903 |
MARC
| LEADER | 00000nlm0a2200000 4500 | ||
|---|---|---|---|
| 001 | 663903 | ||
| 005 | 20231228163822.0 | ||
| 035 | |a (RuTPU)RU\TPU\network\35073 | ||
| 035 | |a RU\TPU\network\35071 | ||
| 090 | |a 663903 | ||
| 100 | |a 20210317d2019 m y0rusy50 ca | ||
| 101 | 0 | |a rus | |
| 102 | |a RU | ||
| 105 | |a a j 000zy | ||
| 135 | |a jrcn ---uucaa | ||
| 181 | 0 | |a i | |
| 182 | 0 | |a b | |
| 200 | 1 | |a Детали машин и основы проектирования |e электронный курс |f Д. В. Беляев |g Национальный исследовательский Томский политехнический университет. Инженерная школа природных ресурсов. Отделение нефтегазового дела | |
| 203 | |a Текст |c электронный | ||
| 210 | |a Томск |c TPU Moodle |d 2019 | ||
| 300 | |a Заглавие с экрана | ||
| 330 | |a Курс "Детали машин и основы проектирования" предназначен для слушателей программы «Машины и оборудование нефтяных и газовых промыслов» в рамках дополнительного профессионального образования. По окончании изучения дисциплины «Детали машин и основы проектирования» слушатель будет способен применять стандартные методы расчета при проектировании деталей и узлов изделий машиностроения. Проектировать и конструировать типовые элементы машин, выполнять их оценку по прочности и другим критериям работоспособности. Знать основные виды механических передач, теорию совместной работы и методы расчета соединений узлов. Рассчитывать и выбирать подшипники скольжения и качения, знать основные виды муфт. | ||
| 333 | |a Доступ по логину и паролю | ||
| 606 | 1 | |a Детали машин |x Проектирование |2 stltpush |3 (RuTPU)RU\TPU\subj\9172 |9 36450 | |
| 610 | 1 | |a электронный ресурс | |
| 610 | 1 | |a труды учёных ТПУ | |
| 610 | 1 | |a электронное обучение | |
| 610 | 1 | |a электронные курсы ТПУ | |
| 610 | 1 | |a электронные учебные пособия | |
| 610 | 1 | |a учебные пособия | |
| 610 | 1 | |a детали | |
| 610 | 1 | |a машины | |
| 610 | 1 | |a проектирование | |
| 610 | 1 | |a конструирование | |
| 610 | 1 | |a переменные напряжения | |
| 610 | 1 | |a соединения | |
| 610 | 1 | |a передачи | |
| 610 | 1 | |a валы | |
| 610 | 1 | |a муфты | |
| 610 | 1 | |a подшипники | |
| 675 | |a 621.81.001.63(075.8) |v 3 | ||
| 700 | 1 | |a Беляев |b Д. В. |c специалист в области машиностроения |c старший преподаватель Томского политехнического университета |f 1975- |g Дмитрий Владимирович |3 (RuTPU)RU\TPU\pers\26487 |9 12189 | |
| 712 | 0 | 2 | |a Национальный исследовательский Томский политехнический университет |b Инженерная школа природных ресурсов |b Отделение нефтегазового дела |3 (RuTPU)RU\TPU\col\23546 |
| 801 | 2 | |a RU |b 63413507 |c 20220325 |g RCR | |
| 856 | 4 | |u https://design.lms.tpu.ru/course/view.php?id=2680 | |
| 942 | |c CF | ||